Longman Concise Dictionary of Business English
Đã lưu trong:
| Príomhúdar: | |
|---|---|
| Formáid: | Neamhaithnid |
| Teanga: | English |
| Foilsithe: |
1985
|
| Ábhair: | |
| Clibeanna: |
Cuir Clib Leis
Gan Chlibeanna, Bí ar an gcéad duine leis an taifead seo a chlibeáil!
|
| Thư viện lưu trữ: | Mạng thư viện Đại học Đà Nẵng |
|---|
| LEADER | 00942ca a2200289 4500 | ||
|---|---|---|---|
| 001 | 000032199 | ||
| 003 | 8276 | ||
| 005 | 20151022000000.0 | ||
| 008 | 151002s1985 000 eng | ||
| 041 | |a eng | ||
| 082 | |a 423 |b AD-J | ||
| 100 | |a J.H.Adam | ||
| 245 | |a Longman Concise Dictionary of Business English |c J.H.Adam | ||
| 260 | |c 1985 | ||
| 650 | |a Longman Concise Dictionary of Business English | ||
| 852 | |b Đọc |c TỪ ĐIỂN | ||
| OWN | |a LNN | ||
| AVA | |a UDN50 |b LNN |c English |d 423 AD-J |e available |t Error 5001 Not defined in file expand_doc_bib_avail. |f 1 |g 0 |h N |i 0 |j AN |k 1 | ||
| 999 | |a From the UDN01 | ||
| AVA | |a UDN50 |b LNN |c English |d 423 AD-J |e available |t Error 5001 Not defined in file expand_doc_bib_avail. |f 1 |g 0 |h N |i 0 |j AN |k 1 | ||
| 980 | |a Mạng thư viện Đại học Đà Nẵng | ||